| 000 | 00738nam a22001937a 4500 | ||
|---|---|---|---|
| 999 |
_c331382 _d331382 |
||
| 003 | NUST | ||
| 005 | 20170926123303.0 | ||
| 008 | 170926b xxu||||| |||| 00| 0 eng d | ||
| 020 | _a3905555190 | ||
| 040 | _c0 | ||
| 082 | _a628 BAR | ||
| 245 |
_aR'99 Recovery Recycling Re-Integration Congress proceedings: _bBiological processes chemical processes _cEditors Dr.Anis barrage, Dr Xaver Edelmann |
||
| 250 | _bVol.4 | ||
| 260 |
_aSwitzerland _bEMPA _c1999 |
||
| 300 | _aiv396p. | ||
| 500 | _aP.B | ||
| 942 |
_2ddc _cBK _kIESE |
||